Žena, ktorá rozpráva príbehy...

Bibliographic Details
Main Authors: Duras, Marguerite, 1914-1996 (Author), Valenzuela, Javier (Author)
Other Authors: Srnenská, Jarmila, 1928-2011 (Translator)
Format: Article
Language:Slovak
PhysicalDescription:Fotogr. 2
Subjects:

MARC

LEADER 00000nab a2200000 a 4500
001 vtls000505918
003 SK-MaSNL
005 20260304101207.0
008 250426c1994 xo 0 slo
015 |a SNBRB19rr/mm-uuuuu 
035 |a CL0506056 
035 |a urn:nbn:sk:snk-abbo2a 
035 |a (urnnbn)urn:nbn:sk:snk:ar-0049lp 
035 |a (uuid)72198f09-9a4b-4eb6-8be6-e889d15989ea 
040 |a SNKBUCL  |b slo  |c SNKBUCL  |e AACR2 
041 0 |a slo 
044 |a xo  |c SK 
080 |a 82:929:840  |2 1981 
080 |a 840  |2 1981 
080 |a 929 Duras, Marguerite  |2 1981 
100 1 |a Duras, Marguerite,  |d 1914-1996  |4 aut  |9 120355 
245 1 0 |a Žena, ktorá rozpráva príbehy...  |c Marguerite Duras, Javier Valenzuela ; Prekl. Jarmila Srnenská 
300 |b Fotogr. 2 
600 1 7 |a Duras, Marguerite,  |d 1914-1996  |2 snkbucl  |9 120355 
655 7 |a rozhovory  |2 snkbucl  |9 31831 
655 7 |a články z odboru literárna veda a krásna literatúra  |2 snkbucl  |9 770045 
655 7 |a články z novín a časopisov  |2 snkbucl  |9 267496 
700 1 |a Srnenská, Jarmila,  |d 1928-2011  |4 trl  |9 229348 
700 1 |a Valenzuela, Javier  |4 aut  |9 1396228 
773 0 |t Revue svetovej literatúry  |g Roč. 30, č. 1 (1994), s. 148-155 
850 |a Slovenská národná knižnica 
852 |a Slovenská národná knižnica 
958 |a article15 
958 |a RK 
958 |a BC 
958 |a LX 
958 |a FR 
958 |a OND 
958 |a EUIPO 
999 |c 2841006  |d 2842936